Normal view MARC view

Entry Uniform Title

Number of records used in: 1

001 - CONTROL NUMBER

  • control field: 53272

003 - CONTROL NUMBER IDENTIFIER

  • control field: dpl

005 - DATE AND TIME OF LATEST TRANSACTION

  • control field: 20121019145938.0

008 - FIXED-LENGTH DATA ELEMENTS

  • fixed length control field: 121019|||a|||||| | ||| d

040 ## - CATALOGING SOURCE

  • Original cataloging agency: dpl
  • Transcribing agency: dpl

130 ## - HEADING--UNIFORM TITLE

  • Uniform title: My Best Loved fairy Tales

670 ## - SOURCE DATA FOUND

  • Source citation: Work cat.: (dpl)60672: Hansel And Gretel ; The Emperor's New Clothes /

670 ## - SOURCE DATA FOUND

  • Source citation: Work cat.: (dpl)60672: Hansel And Gretel ; The Emperor's New Clothes /

© Delhi Public Library
Hit Counter
free hit counter